000 00211 a2200097 4500
001 50975
100 _aKapur Rajiv A
245 _aSikh Separatism
260 _aLondon
_bAllen & Unwin
_c
090 _c32275
_d32275
942 _aNUST-CAE
_cM
_c24753
999 _c286048
_d286048